Music Quiz

Random Music or Artist Quiz

Musicians by Lego Quiz Stats

 Plays Quiz Updated Mar 12, 2015

Challenge
Share
Tweet
Score 0/20 Timer 08:00
0 Plays Today
% Correct
Elvis Presley
99.2%
KISS
93.4%
The Beatles
93.2%
Queen
89.9%
Ozzy Osbourne
89.8%
Village People
86.9%
ᗅᗺᗷᗅ
79.7%
Jimi Hendrix
78.4%
Prince
78.1%
David Bowie
73.8%
% Correct
Daft Punk
71.2%
Green Day
64.8%
No Doubt
57%
White Stripes
55.3%
Sex Pistols
54.8%
Ramones
51.6%
Beastie Boys
51.3%
Flava Flav
50%
Nirvana
46.9%
Iron Maiden
35.1%

You're not logged in!

Compare scores with friends on all Sporcle quizzes.
Join for Free
OR
Log In

You Might Also Like...

Show Comments

Extras

Top Quizzes Today


Score Distribution

Your Account Isn't Verified!

In order to create a playlist on Sporcle, you need to verify the email address you used during registration. Go to your Sporcle Settings to finish the process.

Report this User

Report this user for behavior that violates our Community Guidelines.

Details: